Chuyện thơ
Сохранить в:
| Главный автор: | |
|---|---|
| Формат: | |
| Язык: | Vietnamese |
| Опубликовано: |
H.
Tác phẩm mới
1978
|
| Предметы: | |
| Метки: |
Добавить метку
Нет меток, Требуется 1-ая метка записи!
|
| Thư viện lưu trữ: | Mạng thư viện Đại học Đà Nẵng |
|---|
| LEADER | 00948nam a2200313 4500 | ||
|---|---|---|---|
| 001 | 000003983 | ||
| 003 | 111 | ||
| 005 | 20121211001232.0 | ||
| 008 | 110713s1978 viesd | ||
| 020 | |c 15000 | ||
| 041 | 0 | |a vie | |
| 082 | |a 895.922 |b HO-T | ||
| 100 | 0 | |a Hoài Thanh | |
| 245 | 1 | 0 | |a Chuyện thơ |c Hoài Thanh |
| 260 | |a H. |b Tác phẩm mới |c 1978 | ||
| 300 | |a 323 tr. |c 19 cm. | ||
| 653 | |a Thơ Việt Nam | ||
| 653 | |a Phê bình văn học | ||
| 910 | |a Thi |d 13/7/2011 | ||
| OWN | |a LSP | ||
| AVA | |a UDN50 |b LSP |d 895.922 HO-T |e available |t Error 5001 Not defined in file expand_doc_bib_avail. |f 2 |g 1 |h N |i 0 |k 1 | ||
| 999 | |a From the UDN01 | ||
| AVA | |a UDN50 |b LSP |d 895.922 HO-T |e available |t Error 5001 Not defined in file expand_doc_bib_avail. |f 2 |g 1 |h N |i 0 |k 1 | ||
| TYP | |a Monograph | ||
| TYP | |a Printed language | ||
| 980 | |a Mạng thư viện Đại học Đà Nẵng | ||